Statistics for Top 10 hardest languages for english speakers

Click here to take the quiz!

General Stats

  • This quiz has been taken 91 times
  • The average score is 5 of 10

Answer Stats

NumberLanguage% Correct
1.Mandarin
93%
3.Japanese
90%
2.Arabic
83%
5.Korean
77%
6.Finnish
50%
4.Hungarian
40%
10.Polish
39%
9.Icelandic
21%
8.Navajo
16%
7.Basque
12%

Score Distribution

Percentile by Number Answered

Percent of People with Each Score

Your Score History

You have not taken this quiz